Online
Catalog

Riquezas dominicanas: (Record no. 53003)

MARC details
000 -CABECERA
campo de control de longitud fija 01808nam a2200349 i 4500
003 - IDENTIFICADOR DEL NÚMERO DE CONTROL
campo de control DO-SdBNP
005 - FECHA Y HORA DE LA ÚLTIMA TRANSACCIÓN
campo de control 20240826125436.0
007 - CAMPO FIJO DE DESCRIPCIÓN FÍSICA--INFORMACIÓN GENERAL
campo de control de longitud fija ta
008 - DATOS DE LONGITUD FIJA--INFORMACIÓN GENERAL
campo de control de longitud fija 221125e2019 dr aob|er|||| 001 edspa d
020 ## - NÚMERO INTERNACIONAL ESTÁNDAR DEL LIBRO
Número Internacional Estándar del Libro 9945406396
040 ## - FUENTE DE LA CATALOGACIÓN
Centro catalogador/agencia de origen DO-SdBNP
Lengua de catalogación spa
Centro/agencia transcriptor BNPHU
Normas de descripción rda
082 #4 - NÚMERO DE LA CLASIFICACIÓN DECIMAL DEWEY
Número de edición 22
Número de documento/Ítem G643r
100 10 - ENTRADA PRINCIPAL--NOMBRE DE PERSONA
Nombre de persona González, Geraldino,
Fechas asociadas al nombre 1957-
Término indicativo de función/relación autor
9 (RLIN) 20628
245 10 - MENCIÓN DE TÍTULO
Título Riquezas dominicanas:
Resto del título islas, cayos e islotes de la República Dominicana /
Mención de responsabilidad, etc. Geraldino González; fotografías, César de la Cruz, Milton González, Carlos Brito.
264 #1 - PRODUCCIÓN, PUBLICACIÓN, DISTRIBUCIÓN, FABRICACIÓN Y COPYRIGHT
Producción, publicación, distribución, fabricación y copyright Santo Domingo :
Nombre del de productor, editor, distribuidor, fabricante El Nuevo Diario,
Fecha de producción, publicación, distribución, fabricación o copyright 2007
300 ## - DESCRIPCIÓN FÍSICA
Extensión 139 páginas :
Otras características físicas ilustraciones, fotografías ;
Dimensiones 28 cm.
336 ## - TIPO DE CONTENIDO
Fuente rdacontent
Término de tipo de contenido texto
Código de tipo de contenido txt
337 ## - TIPO DE MEDIO
Fuente rdamedia
Nombre/término del tipo de medio sin mediación
Código del tipo de medio n
338 ## - TIPO DE SOPORTE
Fuente rdacarrier
Nombre/término del tipo de soporte volumen
Código del tipo de soporte nc
500 ## - NOTA GENERAL
Nota general Incluye datos biográficos del autor en la contracubierta.
504 ## - NOTA DE BIBLIOGRAFÍA, ETC.
Nota de bibliografía, etc. Bibliografía: página 139
505 ## - NOTA DE CONTENIDO CON FORMATO
Nota de contenido con formato Introducción.-- Presentación.
Información miscelánea Región Sureste.
Título Isla Saona.-- Isla Catalñina.-- Isla la Matica.-- Isla Pino o Piedra.--
Información miscelánea Región Suroeste
Título Isla Beata.--
-- Cayo Alto Velo.--
-- Cayo Los Frailes.-- Cayos Los Mellizos, Iguana y Puerto Rico.--
-- Cayos de Puerto Viejo de Azua.-- Isla Cabritos, Barbarita y la Islita.--
Información miscelánea Región Nordeste.
Título Cayo Haitises.--
-- Cayos de Samaná.--
-- Región Norte.
-- Cayos Los 7 Hermanos.--
-- Cayos de Samaná.--
590 ## - NOTA LOCAL (RLIN)
Nota local Inventariado 2024 / MF
650 #4 - PUNTO DE ACCESO ADICIONAL DE MATERIA--TÉRMINO DE MATERIA
9 (RLIN) 79516
Término de materia o nombre geográfico como elemento de entrada Biodiversidad
Subdivisión geográfica República Dominicana
650 #4 - PUNTO DE ACCESO ADICIONAL DE MATERIA--TÉRMINO DE MATERIA
Término de materia o nombre geográfico como elemento de entrada Ecosistemas Costeros
9 (RLIN) 10254
Subdivisión geográfica República Dominicana
651 #4 - PUNTO DE ACCESO ADICIONAL DE MATERIA--NOMBRE GEOGRÁFICO
9 (RLIN) 82207
Nombre geográfico República Dominicana
Subdivisión general Descripciones y viajes
-- Islas
700 1# - PUNTO DE ACCESO ADICIONAL--NOMBRE DE PERSONA
9 (RLIN) 78626
Nombre de persona Cruz, César, de la,
Término indicativo de función/relación fotografías
700 1# - PUNTO DE ACCESO ADICIONAL--NOMBRE DE PERSONA
Nombre de persona González, Miltom,
Término indicativo de función/relación fotografía
9 (RLIN) 82873
700 1# - PUNTO DE ACCESO ADICIONAL--NOMBRE DE PERSONA
Nombre de persona Brito, Carlos,
Término indicativo de función/relación fotografía
9 (RLIN) 82874
710 2# - PUNTO DE ACCESO ADICIONAL--NOMBRE DE ENTIDAD CORPORATIVA
Nombre de entidad corporativa o nombre de jurisdicción como elemento de entrada Grupo Jaragua
Término indicativo de función/relación fotografía
9 (RLIN) 82875
942 ## - ELEMENTOS DE PUNTO DE ACCESO ADICIONAL (KOHA)
Fuente del sistema de clasificación o colocación Dewey Decimal Classification
Tipo de ítem Koha Libro
Holdings
Estado de retiro Estado de pérdida Fuente del sistema de clasificación o colocación Restricciones de uso No para préstamo Código de colección Localización permanente Ubicación/localización actual Ubicación en estantería Fecha de adquisición Fuente de adquisición Total de préstamos Signatura topográfica completa Código de barras Fecha visto por última vez Precio válido a partir de Tipo de ítem Koha Número de copia
    Dewey Decimal Classification Excluido de préstamo   Patrimonio Dominicano Biblioteca Nacional Pedro Henríquez Ureña Biblioteca Nacional Pedro Henríquez Ureña En catalogación 07.01.2022 Donado por Luis Tomás Oviedo   G643r 2022-5616 25.11.2022 25.11.2022 Libro  
    Dewey Decimal Classification Excluido de préstamo   Patrimonio Dominicano Biblioteca Nacional Pedro Henríquez Ureña Biblioteca Nacional Pedro Henríquez Ureña En catalogación 21.11.2023     BNPHU PD G643r 2023-7913 21.11.2023 21.11.2023 Libro e.2

Powered by Koha